000 00812nam a2200265 i 4500
001 C2-0338586
003 PPAK
005 20201119123124.0
008 161114s2016 my gr | 0 f may d
020 _a9789670718682
_qpaperback
040 _aPPAK
_beng
_cPPAK
_erda
082 0 4 _a899.2333
_223
090 0 0 _a899.2333
_bXUA
_dG
100 0 _aXuanza,
_eauthor.
245 1 0 _aBernafas Tanpamu /
_cXuanza ; Editor : Editorial Idea Kreatif
264 1 _aKajang, Selangor :
_bIdea Kreatif Publication ,
_c2016
300 _a567 pages :
_billustrations ;
_c18 cm
336 _2rdacontent
_atext
337 _2rdamedia
_aunmediated
338 _2rdacarrier
_avolume
650 1 0 _aMalay fiction.
700 0 _aEditorial Idea Kreatif,
_eeditor
710 2 _aEditorial Idea Kreatif,
_eeditor.
942 _cB
_2ddc
999 _c135879
_d135879